Về vấn đề xác định thành phần các dân tộc thiểu số ở Miền Bắc Việt Nam

שמור ב:
מידע ביבליוגרפי
מחבר ראשי: ủy ban Khoa học Xã hội Việt Nam
פורמט: ספר
שפה:Undetermined
יצא לאור: Hà nội KHXH 1975
נושאים:
תגים: הוספת תג
אין תגיות, היה/י הראשונ/ה לתייג את הרשומה!
Thư viện lưu trữ: Trung tâm Học liệu Trường Đại học Cần Thơ
LEADER 00650nam a2200169Ia 4500
001 CTU_46024
008 210402s9999 xx 000 0 und d
082 |a 572.808 
082 |b U523 
100 |a ủy ban Khoa học Xã hội Việt Nam 
245 0 |a Về vấn đề xác định thành phần các dân tộc thiểu số ở Miền Bắc Việt Nam 
245 0 |c ủy ban Khoa học Xã hội Việt Nam, Viện dân tộc học 
260 |a Hà nội 
260 |b KHXH 
260 |c 1975 
650 |a ethnology - vietnam,human geography 
980 |a Trung tâm Học liệu Trường Đại học Cần Thơ